[Event "Villa Martelli Pro Am op 17th"]
[Site "Villa Martelli"]
[Date "2010.10.13"]
[Round "2"]
[White "Calens, Diego"]
[Black "Micele, Omar"]
[Result "1-0"]
[WhiteElo "2095"]
[BlackElo "1884"]
[PlyCount "85"]
[EventDate "2010.10.10"]
[EventType "swiss"]
[EventRounds "9"]
[EventCountry "ARG"]
[SourceTitle "CBM 138 Extra"]
[Source "ChessBase"]
[SourceDate "2010.10.29"]
[SourceVersion "1"]
[SourceVersionDate "2010.10.29"]
[SourceQuality "1"]

1. d4 d5 2. c4 e6 3. Nf3 Nf6 4. g3 Be7 5. Bg2 0-0 6. 0-0 Nbd7 7. Qc2 c6 8. b3 b6 9. Rd1 Bb7 10. Nc3 Rc8 11. e4 Ne8 12. Bb2 Qc7 13. Rac1 dxe4 14. Nxe4 h6 15. Qe2 Ba6 16. Qe3 Ndf6 17. Nc3 Nd6 18. Ne5 Nf5 19. Qe1 c5 20. d5 Nd4 21. dxe6 fxe6 22. Nf3 Nxf3+ 23. Bxf3 Kf7 24. Nb5 Bxb5 25. Be5 Bc6 26. Bxc7 Bxf3 27. Rd3 Be4 28. Re3 Bf5 29. Be5 Ng4 30. Re2 Rcd8 31. Bc3 Nf6 32. f3 Rd6 33. g4 Bh7 34. Be5 Rc6 35. Rd1 Ke8 36. Qd2 Kf7 37. Bxf6 Rd6 38. Qe1 Rxd1 39. Qxd1 Kxf6 40. Qd7 Bg8 41. Qxa7 Bd8 42. Rd2 Kg5 43. Rxd8 1-0

[Event "ARG-chT"]
[Site "Villa Martelli"]
[Date "2008.08.16"]
[Round "2"]
[White "Barrionuevo, Pablo"]
[Black "Micele, Omar"]
[Result "1-0"]
[WhiteElo "2363"]
[BlackElo "1935"]
[PlyCount "71"]
[EventDate "2008.08.09"]
[EventType "team-tourn"]
[EventRounds "9"]
[EventCountry "ARG"]
[SourceTitle "EXT 2009"]
[Source "ChessBase"]
[SourceDate "2008.11.26"]
[SourceVersion "1"]
[SourceVersionDate "2008.11.26"]
[SourceQuality "1"]

1. d4 d5 2. c4 e6 3. Nc3 Nf6 4. Nf3 Nbd7 5. Bf4 a6 6. e3 Be7 7. c5 0-0 8. Bd3 Nh5 9. 0-0 Nxf4 10. exf4 b6 11. b4 Bb7 12. Qc2 g6 13. Nb1 c6 14. Nbd2 Qc7 15. g3 b5 16. Nb3 Nf6 17. Rfe1 Bc8 18. Ne5 Nd7 19. Nf3 Bf6 20. h4 Re8 21. a4 Ra7 22. Kg2 Nf8 23. axb5 axb5 24. Rxa7 Qxa7 25. Ra1 Qc7 26. Ra3 Bg7 27. Qa2 Re7 28. Ra8 h6 29. Qa5 Qb7 30. Ne5 Bxe5 31. dxe5 d4 32. Nd2 Qd7 33. Ne4 Kg7 34. Nd6 Bb7 35. Ra7 Qc7 36. Ne8+ 1-0

[Event "LNA Puma Cup"]
[Site "Argentina"]
[Date "2006.10.21"]
[Round "8"]
[White "Arbulu Rocha, Miguel"]
[Black "Micele, Omar"]
[Result "0-1"]
[WhiteElo "1818"]
[BlackElo "1939"]
[PlyCount "128"]
[EventDate "2006.09.03"]
[EventType "swiss"]
[EventRounds "8"]
[EventCountry "ARG"]
[SourceTitle "EXT 2008"]
[Source "ChessBase"]
[SourceDate "2007.11.25"]
[SourceVersion "1"]
[SourceVersionDate "2007.11.25"]
[SourceQuality "1"]

1. e4 c6 2. Nf3 d5 3. Nc3 Bg4 4. h3 Bh5 5. d4 Nd7 6. exd5 cxd5 7. Nxd5 Qa5+ 8. Nc3 e6 9. a3 Ngf6 10. Bb5 Bd6 11. 0-0 0-0 12. Bxd7 Nxd7 13. Ne4 Bc7 14. Be3 Rad8 15. Qe2 e5 16. b4 Qd5 17. Nc3 Qc6 18. Bd2 exd4 19. Nb5 Rde8 20. Qd3 Bg6 21. Qxd4 Qxb5 22. c4 Qc6 23. b5 Qd6 24. Qxa7 Be4 25. Bb4 Qg6 26. Qe3 Bd6 27. Bxd6 Qxd6 28. Rad1 Qc7 29. Rfe1 Nf6 30. Qb3 Bxf3 31. Rxe8 Bxd1 32. Rxf8+ Kxf8 33. Qxd1 Qd7 34. Qb3 Qd6 35. a4 Ne4 36. a5 Qd2 37. Qa3+ Ke8 38. a6 Qxf2+ 39. Kh2 bxa6 40. Qxa6 Qf4+ 41. Kg1 Qc1+ 42. Kh2 Qxc4 43. Qa8+ Kd7 44. b6 Nd6 45. b7 Nxb7 46. Qxb7+ Qc7+ 47. Qxc7+ Kxc7 48. Kg3 Kd7 49. Kf4 Kd6 50. Kf5 Ke7 51. h4 g6+ 52. Kg5 h5 53. g4 f6+ 54. Kf4 hxg4 55. Kxg4 Ke6 56. Kf4 Kd5 57. Kf3 Ke5 58. Ke3 f5 59. Kf3 f4 60. Kg4 Ke4 61. Kg5 f3 62. Kxg6 f2 63. h5 f1Q 64. h6 Qf5+ 0-1

[Event "Villa Martelli op"]
[Site "Villa Martelli"]
[Date "2006.??.??"]
[Round "6"]
[White "Buttner, Natalia"]
[Black "Micele, Omar"]
[Result "0-1"]
[WhiteElo "2080"]
[BlackElo "1935"]
[PlyCount "150"]
[EventDate "2006.07.??"]
[EventType "swiss"]
[EventRounds "9"]
[EventCountry "ARG"]
[SourceTitle "EXT 2008"]
[Source "ChessBase"]
[SourceDate "2007.11.25"]
[SourceVersion "1"]
[SourceVersionDate "2007.11.25"]
[SourceQuality "1"]

1. e4 c6 2. d4 d5 3. Nd2 dxe4 4. Nxe4 Bf5 5. Ng3 Bg6 6. h4 h6 7. Nf3 Nd7 8. h5 Bh7 9. Bd3 Bxd3 10. Qxd3 Qc7 11. Bd2 e6 12. 0-0-0 0-0-0 13. c4 Ngf6 14. Ne4 c5 15. Nxf6 Nxf6 16. Bc3 cxd4 17. Bxd4 Bc5 18. Qe2 Bxd4 19. Rxd4 Rxd4 20. Nxd4 Qf4+ 21. Qe3 Qxe3+ 22. fxe3 Rd8 23. Rh3 Rd7 24. b3 a6 25. Kc2 Kc7 26. Rh4 Kd6 27. Kc3 Rc7 28. Nf3 Nd5+ 29. Kd2 Nf6 30. e4 Ke7 31. e5 Nd7 32. b4 Nb6 33. Kd3 Rd7+ 34. Rd4 Rxd4+ 35. Kxd4 Na4 36. Ne1 Kd7 37. Nd3 Nb6 38. Nb2 Nc8 39. a4 Ne7 40. Nd3 Nf5+ 41. Kc5 Kc7 42. a5 Ng3 43. Nf4 Ne4+ 44. Kd4 Nd2 45. Kd3 Nf1 46. b5 Ng3 47. Kd4 b6 48. axb6+ Kxb6 49. bxa6 Nf5+ 50. Ke4 Kxa6 51. g4 Ne7 52. Kd4 Kb6 53. Nd3 Nc6+ 54. Ke4 Na5 55. Kd4 Nb3+ 56. Kc3 Nc5 57. Nf2 Kc6 58. Kd4 Nd7 59. Nd3 Nf8 60. Nb4+ Kc7 61. c5 Nh7 62. Kc4 Ng5 63. Kb5 Nf3 64. Na6+ Kc8 65. Kc6 Nxe5+ 66. Kd6 Nxg4 67. c6 Nf6 68. Ke7 Nxh5 69. c7 g5 70. Kd6 Nf4 71. Nc5 Nd5 72. Ke5 g4 73. Ke4 Kxc7 74. Nd3 Kd6 75. Nf2 f5+ 0-1

[Event "Vicente Lopez IRT op"]
[Site "Vicente Lopez"]
[Date "2004.07.10"]
[Round "2"]
[White "Urchipia, Carlos Daniel"]
[Black "Micele, Omar"]
[Result "1-0"]
[WhiteElo "2170"]
[BlackElo "2006"]
[PlyCount "55"]
[EventDate "2004.07.09"]
[EventType "swiss"]
[EventRounds "10"]
[EventCountry "ARG"]
[SourceTitle "EXT 2005"]
[Source "ChessBase"]
[SourceDate "2004.11.15"]
[SourceVersion "1"]
[SourceVersionDate "2004.11.15"]
[SourceQuality "1"]

1. Nf3 d5 2. c4 c6 3. d4 Nf6 4. e3 e6 5. Nc3 Be7 6. Bd3 h6 7. 0-0 0-0 8. e4 dxe4 9. Nxe4 Nxe4 10. Bxe4 Nd7 11. Qe2 f5 12. Bc2 Nf6 13. Re1 Bd6 14. Ne5 Qe8 15. Bd2 Qh5 16. Qxh5 Nxh5 17. Rad1 Nf6 18. Bc3 Nd7 19. Nf3 Nb6 20. c5 Bc7 21. cxb6 Bxb6 22. Bb3 Re8 23. Re2 Bc7 24. Rde1 Kf7 25. Ne5+ Kf6 26. Nd3 Kf7 27. Nc5 b6 28. Nxe6 1-0

[Event "Villa Ballester op 54th"]
[Site "Villa Ballester"]
[Date "2004.01.18"]
[Round "9"]
[White "Micele, Omar"]
[Black "Montoro, Gustavo Ernesto"]
[Result "1-0"]
[WhiteElo "1973"]
[BlackElo "2121"]
[PlyCount "151"]
[EventDate "2004.01.07"]
[EventType "swiss"]
[EventRounds "9"]
[EventCountry "ARG"]
[SourceTitle "CBM 098 Extra"]
[Source "ChessBase"]
[SourceDate "2004.03.10"]
[SourceVersion "2"]
[SourceVersionDate "2004.03.10"]
[SourceQuality "1"]

1. d4 e6 2. c4 b6 3. Nc3 Bb7 4. Nf3 f5 5. d5 Qf6 6. Bg5 Qg6 7. h4 Bd6 8. Qd4 h6 9. h5 Qf7 10. Bf4 Bc5 11. Qd3 d6 12. dxe6 Qxe6 13. Nd4 Bxd4 14. Qxd4 Nf6 15. Nb5 Na6 16. 0-0-0 0-0 17. f3 Rf7 18. e3 Nc5 19. Qc3 a6 20. Nd4 Qc8 21. Qc2 Ne8 22. Rh4 Qd8 23. Qf2 Qd7 24. g4 fxg4 25. Rxg4 Nf6 26. Rg1 Kh8 27. Qh2 Qa4 28. b3 Qa3+ 29. Kb1 Qb4 30. e4 Nfxe4 31. fxe4 Bxe4+ 32. Nc2 Nxb3 33. axb3 Qxb3+ 34. Kc1 Rxf4 35. Rg3 Qa2 36. Ra3 Qxc2+ 37. Qxc2 Bxc2 38. Kxc2 a5 39. Re3 Raf8 40. Bd3 Rh4 41. Rde1 Rxh5 42. Re8 Rg8 43. R8e7 Rc5 44. Re8 Re5 45. R1xe5 dxe5 46. Rxe5 g5 47. Re7 Rd8 48. Rh7+ Kg8 49. Rxh6 Rd6 50. Rh5 Kf7 51. Rxg5 Kf6 52. Rh5 Ke6 53. Rh7 c5 54. Rh6+ Ke7 55. Rxd6 Kxd6 56. Kb3 Ke5 57. Bg6 Kd6 58. Ka4 Kc6 59. Be8+ Kc7 60. Bb5 Kb7 61. Kb3 Kc7 62. Kc3 Kd6 63. Kd3 Ke5 64. Ba4 Kf4 65. Bc6 Ke5 66. Ke3 Kf5 67. Kd2 Ke5 68. Kc3 Kd6 69. Bb5 Ke5 70. Kb3 Kd6 71. Ka4 Kc7 72. Be8 Kb7 73. Kb5 Kc7 74. Ka6 Kd8 75. Bb5 Kc7 76. Ka7 1-0

[Event "Villa Ballester op 54th"]
[Site "Villa Ballester"]
[Date "2004.01.07"]
[Round "1"]
[White "Fiorito, Fabian"]
[Black "Micele, Omar"]
[Result "1-0"]
[WhiteElo "2420"]
[BlackElo "1973"]
[PlyCount "81"]
[EventDate "2004.01.07"]
[EventType "swiss"]
[EventRounds "9"]
[EventCountry "ARG"]
[SourceTitle "CBM 098 Extra"]
[Source "ChessBase"]
[SourceDate "2004.03.10"]
[SourceVersion "2"]
[SourceVersionDate "2004.03.10"]
[SourceQuality "1"]

1. e4 c6 2. d4 d5 3. Nc3 dxe4 4. Nxe4 Bf5 5. Ng3 Bg6 6. h4 h6 7. Nf3 Nd7 8. h5 Bh7 9. Bd3 Bxd3 10. Qxd3 e6 11. Bf4 Ngf6 12. 0-0-0 Nd5 13. Bd2 Qc7 14. c4 Nb4 15. Qb3 Na6 16. Kb1 0-0-0 17. c5 Nf6 18. Qa4 Rd5 19. Ba5 Qf4 20. Qc2 Be7 21. Ne5 Rxd4 22. Nxf7 Rf8 23. Rxd4 Qxd4 24. Bc3 Qxc5 25. Qg6 Qxf2 26. Ne5 Nc5 27. Qxg7 Bd6 28. Ng6 Ne8 29. Qxh6 Rf7 30. Qh8 Kd8 31. Rd1 Rd7 32. Ba5+ b6 33. Be1 Qxg2 34. Nh4 Qh3 35. Qg8 Qxh4 36. h6 Qxh6 37. Qg4 Qg7 38. Qf3 Rc7 39. Bc3 Qxg3 40. Qxg3 Kc8 41. Qg8 1-0

[Event "Chesspangenberg op 1st"]
[Site "Buenos Aires"]
[Date "2003.11.04"]
[Round "1"]
[White "Micele, Omar"]
[Black "Torres, Sergio"]
[Result "0-1"]
[WhiteElo "1977"]
[BlackElo "2177"]
[PlyCount "78"]
[EventDate "2003.11.04"]
[EventType "swiss"]
[EventRounds "9"]
[EventCountry "ARG"]
[SourceTitle "EXT 2004"]
[Source "ChessBase"]
[SourceDate "2003.11.25"]
[SourceVersion "1"]
[SourceVersionDate "2003.11.25"]
[SourceQuality "1"]

1. d4 d6 2. c4 e5 3. dxe5 dxe5 4. Qxd8+ Kxd8 5. e4 Bc5 6. Nf3 f6 7. Be2 Be6 8. 0-0 c6 9. Nc3 Nd7 10. Rd1 Kc7 11. b3 Ne7 12. Bb2 Ng6 13. Rac1 Rhd8 14. Na4 Nf4 15. Bf1 Be7 16. h3 g5 17. Ne1 Nb6 18. Nc3 Rxd1 19. Rxd1 a5 20. Nd3 Nxd3 21. Bxd3 a4 22. Bb1 axb3 23. axb3 Ba3 24. Rd2 Bxb2 25. Rxb2 Ra3 26. Ne2 Nd7 27. Ng3 Kd6 28. Kf1 Nc5 29. Nh5 Ke7 30. Ng7 Rxb3 31. Rxb3 Nxb3 32. Nf5+ Bxf5 33. exf5 Nd2+ 34. Ke2 Nxb1 35. Kd3 Kd6 36. Kc2 Kc5 37. Kxb1 Kxc4 38. g4 Kd3 39. h4 h6 0-1

[Event "Vicente Lopez IRT op"]
[Site "Vicente Lopez"]
[Date "2003.08.01"]
[Round "8.11"]
[White "Diaz, Diego Patricio"]
[Black "Micele, Omar"]
[Result "1/2-1/2"]
[WhiteElo "2101"]
[BlackElo "1978"]
[PlyCount "120"]
[EventDate "2003.07.25"]
[EventType "swiss"]
[EventRounds "10"]
[EventCountry "ARG"]
[SourceTitle "CBM 095 Extra"]
[Source "ChessBase"]
[SourceDate "2003.09.04"]
[SourceVersion "1"]
[SourceVersionDate "2003.09.04"]
[SourceQuality "1"]

1. e4 c6 2. d4 d5 3. e5 Bf5 4. Be3 e6 5. Nd2 Nd7 6. c3 Be7 7. f4 Nh6 8. Ngf3 Bg4 9. Be2 Nf5 10. Bf2 Qb6 11. b4 a5 12. a3 Qc7 13. 0-0 a4 14. h3 Bxf3 15. Nxf3 b5 16. g4 Nh6 17. Bd3 0-0-0 18. f5 Rdf8 19. Kg2 Ng8 20. Be3 h6 21. Qd2 Qd8 22. Kg3 Nb6 23. Qe2 Nc4 24. Bc1 Qc7 25. Kg2 Bd8 26. Ra2 Kb7 27. Qe1 Ne7 28. Raf2 Nc8 29. Qe2 Qe7 30. f6 gxf6 31. exf6 Qc7 32. Ne5 N8d6 33. Nxc4 Nxc4 34. Bf4 Qd7 35. Bxc4 dxc4 36. Be5 Rfg8 37. Kh2 Rg6 38. Rf4 Rhg8 39. h4 Bc7 40. Kh3 Bxe5 41. dxe5 Rd8 42. Rd4 Qc7 43. Rfd1 Rd5 44. Rxd5 cxd5 45. Rd4 Qb8 46. Qe3 Qa7 47. Qf3 Kc6 48. Qf2 Kb7 49. Qf4 Qb8 50. Kg3 Qg8 51. Kf3 Qh7 52. Qd2 Kc6 53. Rf4 Rg8 54. Qd4 Qc2 55. Qc5+ Kb7 56. Qxb5+ Kc8 57. Qa6+ Kb8 58. Qd6+ Kc8 59. Qc5+ Kb8 60. Qb6+ Kc8 1/2-1/2

[Event "Vicente Lopez IRT op"]
[Site "Vicente Lopez"]
[Date "2003.07.29"]
[Round "5.12"]
[White "Micele, Omar"]
[Black "Rojas Sotelo, Ruben"]
[Result "1-0"]
[WhiteElo "1978"]
[BlackElo "2118"]
[PlyCount "115"]
[EventDate "2003.07.25"]
[EventType "swiss"]
[EventRounds "10"]
[EventCountry "ARG"]
[SourceTitle "CBM 095 Extra"]
[Source "ChessBase"]
[SourceDate "2003.09.04"]
[SourceVersion "1"]
[SourceVersionDate "2003.09.04"]
[SourceQuality "1"]

1. d4 d5 2. c4 Nf6 3. Nc3 c6 4. Nf3 a6 5. a4 e6 6. Bg5 Qb6 7. Qc2 Nbd7 8. a5 Qc7 9. c5 h6 10. Bh4 Be7 11. e3 e5 12. Bg3 Ne4 13. Nxe4 dxe4 14. Qxe4 0-0 15. Bd3 f5 16. Bc4+ Kh8 17. Nxe5 Nxe5 18. Qxe5 Qd8 19. Qc7 Qe8 20. 0-0 Bf6 21. Be5 Bxe5 22. Qxe5 Qxe5 23. dxe5 f4 24. Rad1 f3 25. g3 Bh3 26. Rfe1 Rad8 27. Rd6 Rde8 28. e6 Re7 29. Red1 Rfe8 30. R1d4 Bxe6 31. Bxe6 Rxe6 32. b4 Re4 33. h3 R8e7 34. Rxe4 Rxe4 35. Rd4 Rxd4 36. exd4 g5 37. g4 Kg7 38. Kh2 Kf6 39. Kg3 Ke6 40. Kxf3 Kd5 41. Ke3 Kc4 42. h4 gxh4 43. f4 h3 44. Kf3 Kxd4 45. f5 Ke5 46. Kg3 h2 47. Kxh2 h5 48. Kg3 hxg4 49. Kxg4 Kf6 50. Kf4 Kf7 51. Ke5 Ke7 52. f6+ Kf7 53. Kf5 Kf8 54. Ke6 Ke8 55. f7+ Kf8 56. Kf6 b6 57. cxb6 c5 58. b7 1-0

[Event "Villa Martelli Pro Am op 10th"]
[Site "Villa Martelli"]
[Date "2003.??.??"]
[Round "5"]
[White "Albarran, Gustavo Eduardo"]
[Black "Micele, Omar"]
[Result "1/2-1/2"]
[WhiteElo "2226"]
[BlackElo "1978"]
[PlyCount "115"]
[EventDate "2003.10.23"]
[EventType "swiss"]
[EventRounds "9"]
[EventCountry "ARG"]
[SourceTitle "CBM 097 Extra"]
[Source "ChessBase"]
[SourceDate "2004.01.13"]
[SourceVersion "1"]
[SourceVersionDate "2004.01.13"]
[SourceQuality "1"]

1. d4 d5 2. c4 e6 3. Nc3 Nf6 4. cxd5 exd5 5. Bg5 Be7 6. e3 0-0 7. Bd3 Bg4 8. Qb3 Nbd7 9. Qxb7 Rb8 10. Qxa7 Rxb2 11. Nge2 Bxe2 12. Nxe2 Bb4+ 13. Kf1 h6 14. Bf4 c5 15. a3 c4 16. Bxc4 Qa8 17. Qxa8 Rxa8 18. Bd3 Rxa3 19. Rxa3 Bxa3 20. g3 g6 21. Bxh6 Rd2 22. Bb5 Nb6 23. Kg2 Nc4 24. Kf3 Rc2 25. Ra1 Nd2+ 26. Kg2 Bb4 27. Ra8+ Kh7 28. Bd3 Rb2 29. Bf8 Bxf8 30. Rxf8 Kg7 31. Rd8 Nde4 32. f3 Nc3 33. Kf1 Nd1 34. e4 dxe4 35. Bxe4 Ne3+ 36. Ke1 g5 37. h3 Nh5 38. g4 Ng2+ 39. Kf1 Ne3+ 40. Ke1 Ng2+ 41. Kd1 Ne3+ 42. Kc1 Rxe2 43. gxh5 Rh2 44. d5 Rxh3 45. d6 Rh1+ 46. Kd2 Nc4+ 47. Ke2 Rh2+ 48. Kd3 Ne5+ 49. Kc3 Rxh5 50. d7 Kf6 51. Kd4 Rh2 52. Kc3 Ra2 53. Rf8 Nxd7 54. Rxf7+ Kxf7 55. Bd5+ Kf6 56. Bxa2 Ke5 57. Kd3 Kf4 58. Ke2 1/2-1/2

[Event "Olivos Rubinstein Memorial"]
[Site "Olivos"]
[Date "2002.07.29"]
[Round "9"]
[White "Micele, Omar"]
[Black "Aberbach Peltzman, Angel Sergio"]
[Result "0-1"]
[WhiteElo "2030"]
[BlackElo "2104"]
[PlyCount "56"]
[EventDate "2002.07.18"]
[EventType "swiss"]
[EventRounds "9"]
[EventCountry "ARG"]
[SourceTitle "CBM 089 Extra"]
[Source "ChessBase"]
[SourceDate "2002.09.10"]
[SourceVersion "2"]
[SourceVersionDate "2002.09.10"]
[SourceQuality "1"]

1. d4 Nf6 2. c4 c5 3. d5 b5 4. cxb5 a6 5. bxa6 Bxa6 6. Nc3 d6 7. g3 g6 8. Bg2 Bg7 9. Nf3 0-0 10. 0-0 Nbd7 11. Re1 Qb6 12. h3 Rfb8 13. e4 Ne8 14. Qc2 c4 15. a4 Nc5 16. a5 Qb4 17. Bf1 Nc7 18. Na2 Qb3 19. Qxb3 cxb3 20. Bxa6 N7xa6 21. Bg5 bxa2 22. Bxe7 Rxb2 23. Bxd6 Nxe4 24. Be5 Bxe5 25. Nxe5 Nxf2 26. h4 Nc5 27. Nc6 Nce4 28. g4 Nh3+ 0-1

[Event "Olivos Rubinstein Memorial"]
[Site "Olivos"]
[Date "2002.07.26"]
[Round "8"]
[White "Micele, Omar"]
[Black "Miserendino, Alfredo"]
[Result "0-1"]
[WhiteElo "2030"]
[BlackElo "2227"]
[PlyCount "126"]
[EventDate "2002.07.18"]
[EventType "swiss"]
[EventRounds "9"]
[EventCountry "ARG"]
[SourceTitle "CBM 089 Extra"]
[Source "ChessBase"]
[SourceDate "2002.09.10"]
[SourceVersion "2"]
[SourceVersionDate "2002.09.10"]
[SourceQuality "1"]

1. d4 Nf6 2. c4 c5 3. d5 b5 4. cxb5 a6 5. bxa6 Bxa6 6. Nc3 g6 7. g3 d6 8. Bg2 Bg7 9. Nf3 Nbd7 10. 0-0 0-0 11. Re1 Qa5 12. e4 Rfb8 13. Qc2 Ng4 14. Bd2 Nge5 15. Nxe5 Nxe5 16. Nd1 Qb5 17. Re3 c4 18. a4 Qc5 19. Rea3 Nd3 20. Be3 Bd4 21. Bxd4 Qxd4 22. Qc3 Qb6 23. Rb1 Qb4 24. Qxb4 Rxb4 25. Bf1 Nc5 26. Nc3 Rab8 27. f3 Rxb2 28. Rxb2 Rxb2 29. Ra2 Rxa2 30. Nxa2 Nxa4 31. Nb4 Bb5 32. Nc2 Nb6 33. Na3 Ba6 34. Kf2 e5 35. Ke3 f5 36. Nc2 Kf7 37. Nb4 Bb5 38. Be2 Kf6 39. Na2 g5 40. Kd2 Ba6 41. Kc3 h5 42. g4 hxg4 43. fxg4 fxe4 44. Nb4 Bb5 45. Bd1 e3 46. Bf3 Na4+ 47. Kc2 Nc5 48. Be2 Nb3 49. Na2 Nd4+ 50. Kd1 e4 51. Nc3 Ke5 52. Nxb5 Nxb5 53. Bxc4 Nc3+ 54. Kc1 Kf4 55. h3 Kg3 56. Bf1 Nxd5 57. Kd1 Kf4 58. Ke1 Nc3 59. Ba6 d5 60. Bc8 d4 61. Ba6 d3 62. Kf1 e2+ 63. Kf2 e3+ 0-1

[Event "Olivos Rubinstein Memorial"]
[Site "Olivos"]
[Date "2002.07.22"]
[Round "4"]
[White "Maucci, Luis Marcelo"]
[Black "Micele, Omar"]
[Result "1/2-1/2"]
[WhiteElo "2040"]
[BlackElo "2030"]
[PlyCount "39"]
[EventDate "2002.07.18"]
[EventType "swiss"]
[EventRounds "9"]
[EventCountry "ARG"]
[SourceTitle "CBM 089 Extra"]
[Source "ChessBase"]
[SourceDate "2002.09.10"]
[SourceVersion "2"]
[SourceVersionDate "2002.09.10"]
[SourceQuality "1"]

1. e4 c6 2. d4 d5 3. Nd2 dxe4 4. Nxe4 Bf5 5. Ng3 Bg6 6. h4 h6 7. Nf3 Nd7 8. h5 Bh7 9. Bd3 Bxd3 10. Qxd3 e6 11. Bf4 Ngf6 12. 0-0-0 Nd5 13. Bd2 Qb6 14. c4 Nc7 15. Bf4 0-0-0 16. Qc2 Qa5 17. Kb1 Be7 18. Ne5 Nxe5 19. Bxe5 Bf6 20. Bxf6 1/2-1/2